[Event "London Mindsports blitz op 4th"]
[White "Dignam, Matthew"]
[Black "Lushkin, Sergei"]
[Site "London"]
[Round "5"]
[Result "1-0"]
[Date "2024.07.23"]
[WhiteElo "2052"]
[BlackElo "1760"]
[PlyCount "73"]
[EventDate "2024.07.23"]
[EventType "swiss (blitz)"]
[EventRounds "14"]
[EventCountry "ENG"]
[SourceTitle "CBM 221 Extra"]
[Source "ChessBase"]
[SourceDate "2024.09.30"]
[SourceVersion "1"]
[SourceVersionDate "2024.09.30"]
[SourceQuality "1"]

1. e4 e6 2. d4 d5 3. e5 c5 4. c3 Nc6 5. Nf3 Bd7 6. Be2 Rc8 7. a3 cxd4 8. cxd4 Nh6 9. b4 Nf5 10. Bb2 a6 11. 0-0 Be7 12. Nc3 f6 13. Bd3 Nh6 14. Re1 0-0 15. Qd2 fxe5 16. Nxe5 Nxe5 17. Rxe5 Bf6 18. Rh5 Be8 19. Rh3 Bg5 20. Qe2 Qf6 21. Rf3 Nf5 22. Nxd5 exd5 23. Rxf5 Qd6 24. Rxg5 Bd7 25. Qe5 Qxe5 26. dxe5 Be6 27. Rc1 Rxc1+ 28. Bxc1 Rc8 29. Be3 Rc3 30. Bf5 Bf7 31. e6 Be8 32. h4 g6 33. Bh3 Bc6 34. h5 d4 35. Bxd4 Rd3 36. Be5 Rd1+ 37. Kh2 1-0

[Event "London Mindsports blitz op 4th"]
[White "Lushkin, Sergei"]
[Black "Patel, Zain"]
[Site "London"]
[Round "1"]
[Result "0-1"]
[Date "2024.07.23"]
[WhiteElo "1760"]
[BlackElo "2063"]
[PlyCount "100"]
[EventDate "2024.07.23"]
[EventType "swiss (blitz)"]
[EventRounds "14"]
[EventCountry "ENG"]
[SourceTitle "CBM 221 Extra"]
[Source "ChessBase"]
[SourceDate "2024.09.30"]
[SourceVersion "1"]
[SourceVersionDate "2024.09.30"]
[SourceQuality "1"]

1. e4 c6 2. Nc3 d5 3. d3 dxe4 4. dxe4 Qxd1+ 5. Nxd1 Nf6 6. f3 Nbd7 7. Be3 g6 8. Bc4 Bg7 9. c3 0-0 10. Nf2 a5 11. a3 b5 12. Bb3 Bb7 13. Ne2 Ne8 14. Nd3 Nd6 15. Nc5 Nxc5 16. Bxc5 Kh8 17. 0-0-0 Rad8 18. h4 f5 19. h5 g5 20. h6 Bf6 21. Nd4 a4 22. Ba2 Rde8 23. exf5 Nc4 24. Rhe1 Bc8 25. g4 Ne5 26. Re4 Nf7 27. Bxf7 Rxf7 28. Nxc6 Bb7 29. Re6 Rc8 30. Bd4 Bxc6 31. Bxf6+ Rxf6 32. Rxe7 Re8 33. Rxe8+ Bxe8 34. Rd8 Rf8 35. Kd2 Kg8 36. Rb8 Bc6 37. Rxf8+ Kxf8 38. Ke3 Kf7 39. f4 Kf6 40. fxg5+ Kxg5 41. Kd4 Kxg4 42. f6 Be8 43. Kc5 Kg5 44. f7 Bxf7 45. Kxb5 Be8+ 46. Kb6 Kxh6 47. c4 Kg5 48. c5 h5 49. c6 h4 50. c7 Bd7 0-1